Countries of South America - Statistics

General Stats
  • This quiz has been taken 38 times
  • The average score is 11 of 12
Answer Stats
Hint Answer % Correct
5. Colombia
100%
3. Brazil
97%
4. Chile
94%
8. Paraguay
94%
1. Argentina
90%
2. Bolivia
90%
6. Ecuador
90%
9. Peru
90%
11. Uruguay
90%
10. Suriname
87%
7. Guyana
84%
12. Venezuela
74%
No matching quizzes found
Score Distribution
Percent of People with Each Score
Percentile by Number Answered
Your Score History
You have not taken this quiz